| 000 | 01243cam a2200337 a 4500 | ||
|---|---|---|---|
| 999 |
_c135908 _d135908 |
||
| 005 | 20170808141632.0 | ||
| 008 | 090921s2009 mx a b f000 0 spa | ||
| 020 | _a9786074011272 | ||
| 050 | 0 | 4 |
_aJL1292 _bM67 2009 |
| 100 | 1 | _aMoreno, Alejandro | |
| 245 | 1 | 3 |
_aLa decisión electoral _b : votantes, partidos y democracia, México _c / Alejandro Moreno. |
| 250 | _a1a ed. | ||
| 260 |
_aMéxico, D.F. : _bEstados Unidos Mexicanos, Cámara de Diputados, LX Legislatura, Consejo Editorial : _bMiguel Ángel Porrúa, _c2009. |
||
| 300 |
_a440 p. : _bil. ; _c23 cm. |
||
| 490 | 0 | _aSerie Las ciencias sociales | |
| 490 | 0 | _aConocer para decidir | |
| 504 | _aBibliografía: p. 423-441. | ||
| 650 | 7 |
_aVotación _zMéxico _2lemb |
|
| 650 | 7 |
_aDemocracia _zMéxico _2lemb |
|
| 651 | 7 |
_aMéxico _xPolítica y gobierno |
|
| 942 |
_2lcc _cLIB |
||